The women of Cairo : Scenes of life in the orient /

محفوظ في:

المؤلف الرئيسي: Nerval, Gérard de, 1808-1855 (مؤلف)

التنسيق: كتاب

اللغة: English

منشور في: London : Routledge, 1929-2015.

الطبعة: Reprint edition v. 2.

الموضوعات:

الوسوم: إضافة وسم

لا توجد وسوم, كن أول من يضع وسما على هذه التسجيلة!

رقم الطلب: DS48 .G35 v.1-2

LEADER 00903namaa2200253 4500
003 OSt
005 20260309122334.0
008 130303m19292015enk 000 0 eng d
020 |a 9781138827158 
040 |c ARCE Library 
043 |a aw----- 
050 4 |a DS48 .G35 v.1-2 
100 1 |a Nerval, Gérard de,  |d 1808-1855,  |e author.  |9 36846 
245 1 4 |a The women of Cairo :  |b Scenes of life in the orient /  |c Gerard de Nerval. 
250 |a Reprint edition v. 2. 
264 1 |a London :  |b Routledge,  |c 1929-2015. 
300 |a 2 volumes ;   |c 23 cm. 
500 |a "The part of the V̀oyage en Orient ́which is here translated first appeared in the R̀evue des deux mondes ́in 1846 and 1847."-p. xiii. 
500 |a At head of title: Gerard de Nerval. 
651 0 |a Middle East  |x Social life and customs. 
651 0 |a Middle East  |x Description and travel. 
901 |a reviewed 
942 |c BK  |2 lcc 
999 |c 698  |d 698